Sąsiedzi danych państw #2 - Statystyki

Ogólne statystyki
  • Ten quiz został rozwiązany 48 razy
  • Średni wynik to 35 z 47
Statystyki odpowiedzi
Kraje Sąsiedzi % Poprawnych
Rosja
98%
Rosja
98%
Polska
89%
Ukraina
89%
Izrael
85%
Azerbejdżan Armenia
83%
Luksemburg Belgia
83%
Gruzja
83%
Białoruś Litwa
83%
Łotwa
83%
Macedonia Północna Albania
80%
Grecja
80%
Niemcy
80%
Jordania Arabia Saudyjska
78%
Brazylia
78%
Francja
78%
Iran
78%
Syria
78%
Bułgaria
74%
Chile
74%
Irak
74%
Serbia
74%
Turcja
74%
Boliwia Argentyna
72%
Honduras
72%
Kosowo
72%
Gwatemala Belize
70%
Kamerun Czad
70%
Mauretania
70%
Meksyk
70%
Niger
70%
Nigeria
70%
Paragwaj
70%
Peru
70%
Mali Algieria
67%
Kongo
67%
Indonezja Malezja
67%
Salwador
67%
Papua-Nowa Gwinea
65%
Republika Środkowoafrykańska
65%
Timor Wschodni
65%
Wybrzeże Kości Słoniowej
65%
Gwinea
61%
Senegal
61%
Burkina Faso
59%
Gabon
54%
Gwinea Równikowa
52%
Nie znaleziono quizów pasujących do podanych kryteriów
Rozkład punktacji
Procent ludzi z każdym wynikiem
Percentyl według liczby udzielonych odpowiedzi
Twoja historia wyników
Nie rozwiązałeś tego quizu